Filozofia

Saved in:
Bibliographic Details
Format: Unknown
Language:Slovak
Published: Bratislava INFOPRESS 2003
Subjects:
Tags: Add Tag
No Tags, Be the first to tag this record!

MARC

LEADER 00000 2a2200000 4500
001 0052522
005 20230925104356.4
022 |a 0046-385X 
041 0 |a slo 
044 |a SK 
245 1 0 |a Filozofia 
264 1 |a Bratislava  |b INFOPRESS  |c 2003 
773 0 |w eu_un_cat*s120050 
610 2 0 |a filozofia